000 00599nam a22001937a 4500
005 20230529070625.0
008 221205b |||||||| |||| 00| 0 eng d
020 _a978-971-9617-08-2
082 _aFil. 641.5892 F634 2014
100 _aFlores, Eva N.
_eauthor
245 _aCook book for modern food processors and entrepreneurs /
_cEva Nibrel-Flores
250 _a2nd ed.
260 _aQuezon City:
_bWiseman's Book Trading,
_cc2014.
300 _avii, 139p.;
_bill.
504 _aIncludes bibliographies
541 _e5290
650 _aFood processor cooking
650 _aFood - Preservation
999 _c311
_d311